000 00670cam a2200229u 4500
001 9455989
003 ARRUPE
005 20170112102042.0
008 831116s1966 gw 000 0 ger
010 _a 72392030
040 _aDLC
_cCarP
_dDLC
050 0 0 _aB2775 1956
100 1 _aKant, Immanuel,
_d1724-1804.
_928287
245 1 0 _aKritik der reinen Vernunft.
_cby Kant, Immanuel
260 _aHamburg
_bVerlag Von Felix Meiner
_c1956
300 _axvi, 766p.;
_c20cm.
650 0 _aKnowledge, Theory of.
_928288
650 0 _aCausation.
_928289
650 0 _aReason.
_928290
906 _a0
_bcbc
_cpremunv
_du
_encip
_f19
_gy-gencatlg
942 _2lcc
_cMONOGRAPH
999 _c125963
_d125963